aespa song evolution - Statistics

General Stats
  • This quiz has been taken 30 times
    19 since last reset
  • The average score is 21 of 29
Answer Stats
year language start with note name % Correct
2020 Korean B aespa record Black Mamba
94%
2023 Korean D aespa record Drama
88%
2024 Japanese H aespa record Hot Mess
88%
2022 Korean I aespa record Illusion
88%
2021 Korean N aespa record Next Level
88%
2025 Korean R aespa record Rich Man
88%
2021 Korean S aespa record Savage
88%
2024 Korean S aespa record Supernova
88%
2024 Korean A aespa record Armageddon
81%
2023 English B aespa record Better Things
81%
2021 Korean F aespa record Forever
81%
2022 Korean G aespa record Girls
81%
2023 English H Tetris OST Hold On Tight
81%
2023 Korean S aespa record Spicy
81%
2023 Korean W aespa record Welcome To MY World
81%
2024 Korean W aespa record Whiplash
81%
2025 Korean D aespa record Dirty Work
75%
2021 Korean D SM STATION Dreams Come True
75%
2025 English D PUBG: BATTLEGROUNDS collab Dark Arts
69%
2022 English L aespa record Life's Too Short
69%
2022 Korean B SM STATION Beautiful Christmas
63%
2024 English D Rebel Moon: Songs of the Rebellion OST Die Trying
63%
2023 English J aespa record Jingle Bell Rock
63%
2023 Japanese Z Beyblade X ED ZOOM ZOOM
63%
2023 Korean K Pokemon OP We Go
56%
2024 Korean R SM STATION Regret of the Times
44%
2024 English G Fraggle Rock: Back To The Rock OST Get Goin'
31%
2024 English O featuring Over You
25%
2025 English D Gabby’s Dollhouse: The Movie OST Dollhouse World
19%
No matching quizzes found
Score Distribution
Percent of People with Each Score
Percentile by Number Answered
Your Score History
You have not taken this quiz since the last reset